00970cam a2200241u 4500952013100000999001700131001000800148003000400156005001700160008004100177010001700218020001500235040000900250050002000259082001800279100004500297245020200342260004000544300003200584650002500616906004500641942004200686 00102ddc40708ISLAMaMESbMEScISLd2019-02-20g500.00l0o297.03 HUG/Dp25035r2019-02-20 00:00:00w2019-02-20yBKzGL49R3 c20601d206016613993OSt20200323135003.0821214s1965 njua d 000 0 eng  a 67116695  a8174351276 coclc00aBP40b.H8 1965b a297.03bHUG/D aHughes, Thomas Patrickd1838-1911.9217912aA dictionary of Islam :bBeing a cyclopaedia of the doctrines, rites, ceremonies, and customs, together with the technical and theological terms, of the Muhammadan religion /cThomas Patrick Hughes aNew Delhi:bAdam Publishers,c1998. avii, 750 p.billus.c27 cm. 0aIslamvDictionaries. a0bcbccpremverduencipf19gy-gencatlg 2ddccBKh297.03iHUG/Dk297.03mHUG/D